[Event "Oberliga Ost A 2018 2019"]
[Site "?"]
[Date "2018.10.21"]
[Round "1.1"]
[White "Mueller, Frank"]
[Black "Langrock, Hannes"]
[Result "0-1"]
[WhiteElo "2256"]
[BlackElo "2371"]
[PlyCount "66"]
[EventDate "2018.10.21"]
[EventType "team-tourn"]
[EventCountry "GER"]
[WhiteTeam "Leipzig VfB Schach"]
[BlackTeam "Aue ESV Nickelhuette II"]
[WhiteTeamCountry "GER"]
[BlackTeamCountry "GER"]

1. d4 Nf6 2. Bf4 d5 3. e3 c5 4. Nc3 cxd4 5. exd4 a6 6. Nf3 Nc6 7. Ne5 Bd7 8.
Be2 e6 9. O-O Qb6 10. Nxc6 Bxc6 11. Rb1 Be7 12. Qd3 O-O 13. Rfd1 Rfc8 14. Qg3
Qd8 15. Be5 b5 16. a3 Qd7 17. Bd3 a5 18. Ne2 g6 19. Nf4 Ne4 20. Bxe4 dxe4 21.
h4 Qd8 22. h5 g5 23. h6 b4 24. axb4 axb4 25. Bg7 gxf4 26. Qxf4 Bg5 27. Qg3 Bh4
28. Qh3 Ra5 29. Ra1 Rca8 30. Rxa5 Rxa5 31. Be5 Rxe5 32. dxe5 Qxd1+ 33. Kh2 Bxf2
0-1

[Event "Oberliga Ost A 2018 2019"]
[Site "?"]
[Date "2018.10.21"]
[Round "1.2"]
[White "Pulpan, Jakub"]
[Black "Heinrich, Thomas"]
[Result "1-0"]
[WhiteElo "2410"]
[BlackElo "2206"]
[PlyCount "151"]
[EventDate "2018.10.21"]
[EventType "team-tourn"]
[EventCountry "GER"]
[WhiteTeam "Aue ESV Nickelhuette II"]
[BlackTeam "Leipzig VfB Schach"]
[WhiteTeamCountry "GER"]
[BlackTeamCountry "GER"]

1. e4 Nf6 2. e5 Nd5 3. d4 d6 4. Nf3 Bg4 5. Be2 e6 6. O-O Be7 7. c4 Nb6 8. exd6
cxd6 9. Nc3 O-O 10. h3 Bh5 11. Be3 N8d7 12. b3 Rc8 13. a4 a5 14. Rc1 Nb8 15.
Re1 Na6 16. Qd2 Nb4 17. Nb5 Nd7 18. Red1 Nf6 19. Ne1 Bg6 20. Nd3 Bxd3 21. Bxd3
Qd7 22. Bb1 d5 23. Qe2 b6 24. Qf3 Rc6 25. Bd2 Rfc8 26. Bxb4 Bxb4 27. Bd3 h6 28.
Rc2 Be7 29. Nc3 Kf8 30. Ne2 Bd6 31. c5 R6c7 32. Ba6 Ra8 33. Bb5 Qd8 34. Rdc1
bxc5 35. dxc5 Be7 36. Nd4 Qc8 37. c6 e5 38. Nf5 e4 39. Qg3 Ne8 40. Ne3 Qe6 41.
Rd1 Bd6 42. Qh4 Nf6 43. Rcd2 Be7 44. Qg3 Bd6 45. Qh4 Be7 46. Qf4 Bd6 47. Qf5 g6
48. Qxe6 fxe6 49. Nc2 Ke7 50. Nd4 Bc5 51. Rc1 Bxd4 52. Rxd4 Kd6 53. b4 e5 54.
Rd2 axb4 55. Rb2 d4 56. Rxb4 Nd5 57. Rb3 Ra5 58. Re1 Ne7 59. Rxe4 Nxc6 60. f4
exf4 61. Rxf4 Ke5 62. Rh4 h5 63. Rd3 Na7 64. Be8 Re7 65. Rdxd4 Kf6 66. Rhf4+
Kg7 67. Rd7 Rxd7 68. Bxd7 Rd5 69. Be8 Nc8 70. Rf7+ Kh6 71. Rf6 Rg5 72. h4 Rg4
73. a5 Kg7 74. Rf7+ Kg8 75. Rc7 Nd6 76. Bc6 1-0

[Event "Oberliga Ost A 2018 2019"]
[Site "?"]
[Date "2018.10.21"]
[Round "1.3"]
[White "Geiling, Christian"]
[Black "Cerveny, Martin"]
[Result "0-1"]
[WhiteElo "2182"]
[BlackElo "2329"]
[PlyCount "90"]
[EventDate "2018.10.21"]
[EventType "team-tourn"]
[EventCountry "GER"]
[WhiteTeam "Leipzig VfB Schach"]
[BlackTeam "Aue ESV Nickelhuette II"]
[WhiteTeamCountry "GER"]
[BlackTeamCountry "GER"]

1. d4 d6 2. e4 Nf6 3. Nc3 e5 4. dxe5 dxe5 5. Qxd8+ Kxd8 6. Bc4 Be6 7. Bxe6 fxe6
8. Nf3 Bd6 9. Be3 a6 10. O-O-O Ke7 11. h3 b5 12. a3 Nbd7 13. Nd2 Rhb8 14. g3 a5
15. Ne2 a4 16. f4 b4 17. axb4 Rxb4 18. c3 Rb7 19. Rhe1 Rab8 20. Nc4 Nxe4 21.
fxe5 Nxe5 22. Nxe5 Bxe5 23. Nd4 Bxd4 24. Bxd4 Nxg3 25. Bc5+ Kf6 26. Rd2 Nf5 27.
Re4 Rb5 28. Ba3 Ra8 29. Rd7 Ra7 30. Rc4 Rd5 31. Rdxc7 Ne3 32. Be7+ Kf5 33. Kb1
Rd1+ 34. Ka2 Nc2 35. b4 Rxc7 36. Rxc7 Rd2 37. Kb1 Ne3 38. b5 Nd5 39. Rc5 Ke4
40. Bf8 Rg2 41. Rc6 Kd3 42. Bb4 a3 43. Rxe6 Kc4 44. Bxa3 Nxc3+ 45. Kc1 Kb3 0-1

[Event "Oberliga Ost A 2018 2019"]
[Site "?"]
[Date "2018.10.21"]
[Round "1.4"]
[White "Wichmann, Cliff"]
[Black "Rohne, Lars"]
[Result "1/2-1/2"]
[WhiteElo "2260"]
[BlackElo "2147"]
[PlyCount "50"]
[EventDate "2018.10.21"]
[EventType "team-tourn"]
[EventCountry "GER"]
[WhiteTeam "Aue ESV Nickelhuette II"]
[BlackTeam "Leipzig VfB Schach"]
[WhiteTeamCountry "GER"]
[BlackTeamCountry "GER"]

1. d4 d5 2. c4 e6 3. Nf3 Nf6 4. Nc3 Be7 5. Bf4 O-O 6. e3 b6 7. cxd5 Nxd5 8.
Nxd5 Qxd5 9. Bd3 Qa5+ 10. Nd2 Ba6 11. Bxa6 Nxa6 12. O-O c5 13. Qe2 Nb4 14. dxc5
Qxc5 15. a3 Nd5 16. Be5 Nf6 17. Bd4 Qd5 18. Nf3 Rac8 19. Rac1 Qb7 20. b4 Ne4
21. Qb2 Bf6 22. Bxf6 Nxf6 23. Nd4 a6 24. h3 h6 25. Nf3 Qe4 1/2-1/2

[Event "Oberliga Ost A 2018 2019"]
[Site "?"]
[Date "2018.10.21"]
[Round "1.5"]
[White "Collini, Carsten"]
[Black "Schnabel, Ralf"]
[Result "0-1"]
[WhiteElo "2146"]
[BlackElo "2202"]
[PlyCount "64"]
[EventDate "2018.10.21"]
[EventType "team-tourn"]
[EventCountry "GER"]
[WhiteTeam "Leipzig VfB Schach"]
[BlackTeam "Aue ESV Nickelhuette II"]
[WhiteTeamCountry "GER"]
[BlackTeamCountry "GER"]

1. e4 Nf6 2. e5 Nd5 3. Nf3 d6 4. d4 Bg4 5. Bc4 e6 6. O-O Nc6 7. Bxd5 exd5 8.
exd6 Qxd6 9. Re1+ Be7 10. c3 O-O 11. Nbd2 Rfe8 12. h3 Bh5 13. Nf1 Bf6 14. g4
Bg6 15. g5 Rxe1 16. Qxe1 Be7 17. Ng3 Re8 18. Qf1 f6 19. Bd2 fxg5 20. Nxg5 h6
21. Nf3 Qf6 22. Ne5 Nxe5 23. dxe5 Qxe5 24. Re1 Qd6 25. Qb5 b6 26. Qa4 Rf8 27.
Qg4 Rf6 28. Be3 c5 29. Qa4 a5 30. Rd1 Qe6 31. Qb3 Bf7 32. Kg2 Qc6 0-1

[Event "Oberliga Ost A 2018 2019"]
[Site "?"]
[Date "2018.10.21"]
[Round "1.6"]
[White "Heinz, Thomas"]
[Black "Just, Wolfgang"]
[Result "1-0"]
[WhiteElo "2134"]
[BlackElo "2110"]
[PlyCount "77"]
[EventDate "2018.10.21"]
[EventType "team-tourn"]
[EventCountry "GER"]
[WhiteTeam "Aue ESV Nickelhuette II"]
[BlackTeam "Leipzig VfB Schach"]
[WhiteTeamCountry "GER"]
[BlackTeamCountry "GER"]

1. e4 e6 2. d4 d5 3. exd5 exd5 4. Nf3 Nc6 5. Bd3 Bd6 6. Bg5 Nge7 7. O-O Bg4 8.
c3 Qd7 9. Nbd2 O-O-O 10. Re1 f6 11. Bh4 Nf5 12. Bg3 Nxg3 13. hxg3 h5 14. Qc2
Ne7 15. c4 dxc4 16. Bxc4 Kb8 17. Qb3 Nc8 18. Ne4 Nb6 19. Nc5 Qc6 20. Rac1 Nxc4
21. Rxc4 Bxc5 22. Rxc5 Qd6 23. Qf7 Rd7 24. Re8+ Rxe8 25. Qxe8+ Rd8 26. Qf7 b6
27. Rc1 Rd7 28. Qg8+ Kb7 29. Re1 Bxf3 30. gxf3 Qxd4 31. Re8 Qd5 32. Rb8+ Kc6
33. Qc8 Qxa2 34. Qb7+ Kd6 35. Re8 a5 36. Kg2 Qxb2 37. Qe4 Qd2 38. Re6+ Kc5 39.
Rc6+ 1-0

[Event "Oberliga Ost A 2018 2019"]
[Site "?"]
[Date "2018.10.21"]
[Round "1.7"]
[White "Mader, Joerg"]
[Black "Floeter, Frank"]
[Result "1/2-1/2"]
[WhiteElo "2096"]
[BlackElo "2135"]
[PlyCount "67"]
[EventDate "2018.10.21"]
[EventType "team-tourn"]
[EventCountry "GER"]
[WhiteTeam "Leipzig VfB Schach"]
[BlackTeam "Aue ESV Nickelhuette II"]
[WhiteTeamCountry "GER"]
[BlackTeamCountry "GER"]

1. d4 Nf6 2. c4 g6 3. Nc3 d5 4. cxd5 Nxd5 5. e4 Nxc3 6. bxc3 Bg7 7. Nf3 c5 8.
Bb5+ Bd7 9. Bxd7+ Qxd7 10. O-O O-O 11. Be3 cxd4 12. Bxd4 Nc6 13. Bxg7 Qxd1 14.
Rfxd1 Kxg7 15. Rd7 b6 16. Nd4 Rfd8 17. Rxd8 Nxd8 18. f3 Rc8 19. Rd1 Nb7 20. Ne2
Nc5 21. Kf2 a6 22. Ke3 Na4 23. Rd3 Nb2 24. Rd7 Kf8 25. Ra7 Nc4+ 26. Kd3 b5 27.
f4 e5 28. fxe5 Nxe5+ 29. Ke3 Rc6 30. h3 Nc4+ 31. Kf3 Rd6 32. Nd4 Ne5+ 33. Ke3
Nc4+ 34. Kd3 1/2-1/2

[Event "Oberliga Ost A 2018 2019"]
[Site "?"]
[Date "2018.10.21"]
[Round "1.8"]
[White "Heinz, Juergen"]
[Black "Claus, Thomas"]
[Result "1/2-1/2"]
[WhiteElo "2237"]
[BlackElo "2144"]
[PlyCount "74"]
[EventDate "2018.10.21"]
[EventType "team-tourn"]
[EventCountry "GER"]
[WhiteTeam "Aue ESV Nickelhuette II"]
[BlackTeam "Leipzig VfB Schach"]
[WhiteTeamCountry "GER"]
[BlackTeamCountry "GER"]

1. c4 Nf6 2. Nc3 g6 3. e4 d6 4. d4 Bg7 5. f4 O-O 6. Nf3 c5 7. d5 a6 8. a4 e6 9.
Bd3 exd5 10. cxd5 Re8 11. O-O c4 12. Bc2 Bg4 13. h3 Bxf3 14. Qxf3 Qb6+ 15. Kh1
Nbd7 16. a5 Qc7 17. Be3 Re7 18. Bd4 Rae8 19. Qf2 Nh5 20. Bxg7 Nxg7 21. Ba4 f5
22. e5 dxe5 23. d6 Qxd6 24. Rad1 Qe6 25. fxe5 Nxe5 26. Bxe8 Rxe8 27. Nd5 Nd3
28. Qd4 Nh5 29. Rf3 Qe4 30. Rfxd3 cxd3 31. Qxd3 Qxd3 32. Rxd3 Re1+ 33. Kh2 f4
34. h4 Kf7 35. Rf3 Ke6 36. Nxf4+ Nxf4 37. Rxf4 Re5 1/2-1/2

[Event "Oberliga Ost A 2018 2019"]
[Site "?"]
[Date "2018.10.21"]
[Round "1.1"]
[White "Spivak, Ilya"]
[Black "Pietsch, Michael"]
[Result "1/2-1/2"]
[WhiteElo "2326"]
[BlackElo "2204"]
[PlyCount "86"]
[EventDate "2018.10.21"]
[EventType "team-tourn"]
[EventCountry "GER"]
[WhiteTeam "Hoyerswerda FVS ASP"]
[BlackTeam "Coswig TuS"]
[WhiteTeamCountry "GER"]
[BlackTeamCountry "GER"]

1. e4 c6 2. d4 d5 3. Nd2 dxe4 4. Nxe4 Bf5 5. Ng3 Bg6 6. h4 h6 7. f4 e6 8. Nf3
Bd6 9. h5 Bh7 10. Bd3 Bxd3 11. Qxd3 Qc7 12. Ne4 Nd7 13. Qb3 Ngf6 14. Nxd6+ Qxd6
15. Qxb7 O-O 16. Qa6 Rab8 17. b3 Rb5 18. a4 Rxh5 19. Rxh5 Nxh5 20. Ba3 Qxf4 21.
Bxf8 Nxf8 22. Qa5 Qe3+ 23. Kd1 Nf4 24. Qd2 Qe4 25. Kc1 g5 26. Kb2 N8g6 27. Re1
Qd5 28. c4 Qf5 29. Ka3 Qg4 30. Ne5 Nxe5 31. dxe5 h5 32. Qd8+ Kh7 33. Qf6 h4 34.
Qxf7+ Kh6 35. Qf6+ Kh5 36. Qf7+ Kh6 37. Qf8+ Kh5 38. Qh8+ Kg6 39. Qg8+ Kh6 40.
Qh8+ Kg6 41. Qe8+ Kh6 42. Rf1 c5 43. Qf8+ Kh5 1/2-1/2

[Event "Oberliga Ost A 2018 2019"]
[Site "?"]
[Date "2018.10.21"]
[Round "1.2"]
[White "Hofmann, Rares"]
[Black "Kesik, Klaus Dieter"]
[Result "1-0"]
[WhiteElo "2228"]
[BlackElo "2200"]
[PlyCount "83"]
[EventDate "2018.10.21"]
[EventType "team-tourn"]
[EventCountry "GER"]
[WhiteTeam "Coswig TuS"]
[BlackTeam "Hoyerswerda FVS ASP"]
[WhiteTeamCountry "GER"]
[BlackTeamCountry "GER"]

1. g3 Nf6 2. Bg2 g6 3. Nf3 Bg7 4. O-O O-O 5. c4 d6 6. Nc3 Nc6 7. d4 a6 8. h3
Rb8 9. Qc2 Nd7 10. d5 Na5 11. b3 c5 12. dxc6 bxc6 13. Bb2 Nc5 14. Rfe1 Qb6 15.
Rab1 Ne6 16. Na4 Qc7 17. Bxg7 Nxg7 18. e4 Be6 19. Rbd1 f6 20. Nd4 c5 21. Ne2
Nc6 22. Nac3 Qd7 23. Kh2 Bf7 24. Nd5 Ne6 25. Qc3 Ned4 26. Nxd4 cxd4 27. Qc1 Kg7
28. c5 e5 29. f4 dxc5 30. fxe5 fxe5 31. Qxc5 Rb5 32. Qc2 Nb4 33. Qe2 Nxd5 34.
exd5 Re8 35. Qc4 Rb6 36. Rxe5 Rxe5 37. Qxd4 Qd6 38. Re1 Kf6 39. Rxe5 Qxe5 40.
Qxb6+ Kg7 41. Qxa6 Bxd5 42. Qb5 1-0

[Event "Oberliga Ost A 2018 2019"]
[Site "?"]
[Date "2018.10.21"]
[Round "1.3"]
[White "Jahnel, Guenther"]
[Black "Mueller, Richard"]
[Result "1/2-1/2"]
[WhiteElo "2208"]
[BlackElo "2184"]
[PlyCount "43"]
[EventDate "2018.10.21"]
[EventType "team-tourn"]
[EventCountry "GER"]
[WhiteTeam "Hoyerswerda FVS ASP"]
[BlackTeam "Coswig TuS"]
[WhiteTeamCountry "GER"]
[BlackTeamCountry "GER"]

1. d4 d5 2. c4 c6 3. Nf3 Nf6 4. Nc3 dxc4 5. a4 e6 6. e3 Nbd7 7. Bxc4 Be7 8. O-O
O-O 9. b3 b6 10. Bb2 Bb7 11. e4 b5 12. axb5 cxb5 13. Nxb5 a6 14. Nc3 Nxe4 15.
Nxe4 Bxe4 16. Bxa6 Qc7 17. Bd3 Bd5 18. Re1 Qb7 19. Re3 Nf6 20. h3 g6 21. Bf1
Ne4 22. g3 1/2-1/2

[Event "Oberliga Ost A 2018 2019"]
[Site "?"]
[Date "2018.10.21"]
[Round "1.4"]
[White "Klawa, Patrick"]
[Black "Boehm, Robert"]
[Result "1-0"]
[WhiteElo "2178"]
[BlackElo "2169"]
[PlyCount "65"]
[EventDate "2018.10.21"]
[EventType "team-tourn"]
[EventCountry "GER"]
[WhiteTeam "Coswig TuS"]
[BlackTeam "Hoyerswerda FVS ASP"]
[WhiteTeamCountry "GER"]
[BlackTeamCountry "GER"]

1. e4 c5 2. Ne2 Nc6 3. Nbc3 d6 4. g3 g6 5. Bg2 Bg7 6. O-O e6 7. d3 Nge7 8. Bg5
O-O 9. Qd2 Nd4 10. Nxd4 cxd4 11. Ne2 e5 12. c3 dxc3 13. bxc3 f6 14. Be3 Be6 15.
a4 Qc7 16. a5 d5 17. Rfb1 Rfd8 18. Qb2 Rd7 19. Qb5 dxe4 20. Bxe4 Bd5 21. a6 b6
22. c4 Bxe4 23. dxe4 Rc8 24. c5 bxc5 25. Bxc5 Bf8 26. Rc1 Nc6 27. Rab1 Qa5 28.
Qc4+ Kg7 29. Bxf8+ Kxf8 30. Rb7 Qd8 31. Qe6 Nb8 32. Rxc8 Qxc8 33. Kg2 1-0

[Event "Oberliga Ost A 2018 2019"]
[Site "?"]
[Date "2018.10.21"]
[Round "1.5"]
[White "Grohmann, Alexander"]
[Black "Escher, Thomas"]
[Result "0-1"]
[WhiteElo "1973"]
[BlackElo "2155"]
[PlyCount "84"]
[EventDate "2018.10.21"]
[EventType "team-tourn"]
[EventCountry "GER"]
[WhiteTeam "Hoyerswerda FVS ASP"]
[BlackTeam "Coswig TuS"]
[WhiteTeamCountry "GER"]
[BlackTeamCountry "GER"]

1. e4 c5 2. Nc3 a6 3. a4 Nc6 4. f4 d6 5. Nf3 Nf6 6. g3 g6 7. Bg2 Bg7 8. O-O O-O
9. d3 Rb8 10. h3 b5 11. Kh2 b4 12. Ne2 e5 13. Rb1 b3 14. c3 Qa5 15. Be3 Qxa4
16. fxe5 dxe5 17. Bxc5 Rd8 18. d4 Nxe4 19. Nxe5 Nxe5 20. Bxe4 Bb7 21. Bxb7 Rxb7
22. Qc1 Qc6 23. Qe3 Nc4 24. Qf4 Re8 25. Ng1 Ne3 26. Rf3 Nf5 27. Rd3 Bh6 28. Qf3
Qc7 29. Kg2 Rbb8 30. Ra1 a5 31. Ne2 Re3 32. Rxe3 Nxe3+ 33. Kh1 Re8 34. Nf4 Bxf4
35. gxf4 Nc4 36. Qd5 Qxf4 37. Qxc4 Qf3+ 38. Kg1 Re2 39. Qxe2 Qxe2 40. Ba3 f5
41. Rf1 Qe3+ 42. Kg2 f4 0-1

[Event "Oberliga Ost A 2018 2019"]
[Site "?"]
[Date "2018.10.21"]
[Round "1.6"]
[White "Piotraschke, Jens"]
[Black "Schuh, Ruediger"]
[Result "1/2-1/2"]
[WhiteElo "2160"]
[BlackElo "2073"]
[PlyCount "48"]
[EventDate "2018.10.21"]
[EventType "team-tourn"]
[EventCountry "GER"]
[WhiteTeam "Coswig TuS"]
[BlackTeam "Hoyerswerda FVS ASP"]
[WhiteTeamCountry "GER"]
[BlackTeamCountry "GER"]

1. d4 c5 2. d5 Nf6 3. Nf3 g6 4. c4 Bg7 5. Nc3 O-O 6. g3 d6 7. Bg2 Na6 8. O-O
Nc7 9. h3 a6 10. a4 b6 11. e4 Rb8 12. e5 Nd7 13. exd6 exd6 14. Bg5 f6 15. Be3
Re8 16. Re1 b5 17. axb5 axb5 18. cxb5 Nxb5 19. Qd2 Ne5 20. Nxe5 fxe5 21. Nxb5
Rxb5 22. g4 Qb6 23. Ra2 e4 24. Qc2 Rxb2 1/2-1/2

[Event "Oberliga Ost A 2018 2019"]
[Site "?"]
[Date "2018.10.21"]
[Round "1.7"]
[White "Graf, Roland"]
[Black "Merker, Matthias"]
[Result "1/2-1/2"]
[WhiteElo "2095"]
[BlackElo "2131"]
[PlyCount "32"]
[EventDate "2018.10.21"]
[EventType "team-tourn"]
[EventCountry "GER"]
[WhiteTeam "Hoyerswerda FVS ASP"]
[BlackTeam "Coswig TuS"]
[WhiteTeamCountry "GER"]
[BlackTeamCountry "GER"]

1. d4 Nf6 2. Nf3 e6 3. Bf4 b6 4. e3 Bb7 5. Bd3 Ne4 6. O-O Be7 7. Nbd2 f5 8. Ne5
O-O 9. Nxe4 fxe4 10. Be2 d6 11. Nc4 Qe8 12. f3 Nd7 13. fxe4 Bxe4 14. Nd2 Bc6
15. Bf3 Bxf3 16. Nxf3 Nf6 1/2-1/2

[Event "Oberliga Ost A 2018 2019"]
[Site "?"]
[Date "2018.10.21"]
[Round "1.8"]
[White "Liebscher, Sebastian"]
[Black "Heyme, Sibylle"]
[Result "0-1"]
[WhiteElo "2034"]
[BlackElo "2029"]
[PlyCount "120"]
[EventDate "2018.10.21"]
[EventType "team-tourn"]
[EventCountry "GER"]
[WhiteTeam "Coswig TuS"]
[BlackTeam "Hoyerswerda FVS ASP"]
[WhiteTeamCountry "GER"]
[BlackTeamCountry "GER"]

1. e4 d6 2. d4 Nf6 3. Nc3 g6 4. f4 Bg7 5. Nf3 O-O 6. Bd3 Nbd7 7. O-O c5 8. d5
a6 9. a4 Rb8 10. Qe2 Ne8 11. Bd2 Nc7 12. Rab1 Nf6 13. b4 cxb4 14. Rxb4 Nd7 15.
Qe3 Nc5 16. Nd4 Bd7 17. Rfb1 Qe8 18. a5 e6 19. dxe6 N7xe6 20. Nxe6 Nxe6 21. Ne2
Bc6 22. Bxa6 Nc5 23. Bd3 Ra8 24. e5 Nxd3 25. cxd3 dxe5 26. fxe5 Bxe5 27. Rh4
Bf6 28. Rh3 Qxe3+ 29. Bxe3 Rxa5 30. Nd4 Bd5 31. Nb5 Ra2 32. Bf2 Rc8 33. Nd6
Rcc2 34. Be3 Rxg2+ 35. Kf1 Rge2 36. Ne4 Bxe4 37. dxe4 Rxh2 38. Rxh2 Rxh2 39.
Rxb7 Rb2 40. Ra7 h5 41. Ra8+ Kg7 42. Re8 Rb5 43. Bf4 g5 44. Bd6 Bd4 45. e5 g4
46. Bf8+ Kg6 47. Bd6 h4 48. e6 fxe6 49. Rxe6+ Kf5 50. Rh6 Bf6 51. Rh5+ Bg5 52.
Rh8 g3 53. Ra8 Kg4 54. Ra3 Kh3 55. Rf3 Kg4 56. Ra3 Rf5+ 57. Kg1 Rf3 58. Ra2
Be3+ 59. Kh1 Rf1+ 60. Kg2 Rg1# 0-1

[Event "Oberliga Ost A 2018 2019"]
[Site "?"]
[Date "2018.10.21"]
[Round "1.1"]
[White "Moehn, Hans"]
[Black "Zwahr, Paul"]
[Result "1/2-1/2"]
[WhiteElo "2372"]
[BlackElo "2268"]
[PlyCount "151"]
[EventDate "2018.10.21"]
[EventType "team-tourn"]
[EventCountry "GER"]
[WhiteTeam "Dresden USV TU II"]
[BlackTeam "Dresden SG Gruen Weiss"]
[WhiteTeamCountry "GER"]
[BlackTeamCountry "GER"]

1. Nf3 Nf6 2. c4 g6 3. b4 a5 4. b5 Bg7 5. Bb2 d6 6. g3 e5 7. d3 O-O 8. Bg2 Nbd7
9. O-O Nc5 10. Nfd2 Bg4 11. h3 Be6 12. Nc3 c6 13. Kh2 Rc8 14. bxc6 bxc6 15. Ba3
Qb6 16. Na4 Nxa4 17. Qxa4 Rfd8 18. Rab1 Qa6 19. Rb2 e4 20. d4 d5 21. e3 dxc4
22. Nxe4 Nxe4 23. Bxe4 c3 24. Rbb1 Bxa2 25. Rbc1 Bd5 26. Bg2 Qb5 27. Qc2 Bxg2
28. Kxg2 c5 29. Bxc5 Bf8 30. Qxc3 Bxc5 31. dxc5 Rd5 32. c6 Rd6 33. c7 Rd7 34.
Kg1 Qb6 35. Ra1 Rdxc7 36. Qxa5 Qe6 37. h4 h5 38. Rad1 Kh7 39. Qd5 Qf6 40. Rd4
Rc5 41. Qd6 Qxd6 42. Rxd6 Kg7 43. Rfd1 Rf5 44. R1d2 Rc4 45. Kg2 Ra4 46. R6d4
Ra3 47. Rd5 Rxd5 48. Rxd5 Kf6 49. Rd6+ Kf5 50. Kf3 Rb3 51. Ra6 Rb2 52. e4+ Ke5
53. Ra5+ Ke6 54. Ke3 Kf6 55. Ra6+ Kg7 56. f3 Rb3+ 57. Kf4 Rb5 58. Rd6 Kf8 59.
Rd5 Rb3 60. Rg5 Kg7 61. g4 hxg4 62. Kxg4 Rb1 63. h5 Kf6 64. hxg6 fxg6 65. Ra5
Rg1+ 66. Kf4 g5+ 67. Ke3 Re1+ 68. Kf2 Rb1 69. Rf5+ Kg6 70. f4 gxf4 71. Rxf4 Rb3
72. Rf5 Ra3 73. Ke2 Rb3 74. Kd2 Ra3 75. Rf1 Rb3 76. e5 1/2-1/2

[Event "Oberliga Ost A 2018 2019"]
[Site "?"]
[Date "2018.10.21"]
[Round "1.2"]
[White "Siedentopf, Daniel"]
[Black "Urban, Konstantin"]
[Result "1/2-1/2"]
[WhiteElo "2283"]
[BlackElo "2279"]
[PlyCount "121"]
[EventDate "2018.10.21"]
[EventType "team-tourn"]
[EventCountry "GER"]
[WhiteTeam "Dresden SG Gruen Weiss"]
[BlackTeam "Dresden USV TU II"]
[WhiteTeamCountry "GER"]
[BlackTeamCountry "GER"]

1. d4 Nf6 2. c4 g6 3. Nc3 Bg7 4. e4 d6 5. Nf3 O-O 6. h3 e5 7. d5 Nh5 8. g3 f5
9. exf5 gxf5 10. Nh4 Nf4 11. Bd2 Bd7 12. Qf3 Na6 13. O-O-O Nc5 14. gxf4 Qxh4
15. Rg1 e4 16. Qg2 Rf7 17. Be3 Kh8 18. Be2 Bf6 19. Qg3 Qh6 20. Qh2 a5 21. Rg5
a4 22. Kc2 Rg8 23. Rdg1 Rfg7 24. R1g3 Bxg5 25. fxg5 Qh4 26. Bd4 f4 27. Rg1 f3
28. Bf1 Bf5 29. Kc1 Nd7 30. Qg3 Qxg3 31. Bxg7+ Rxg7 32. Rxg3 h6 33. h4 Ne5 34.
Kd2 c6 35. Nd1 hxg5 36. Ne3 Bd7 37. Rxg5 Rxg5 38. hxg5 c5 39. Nd1 Kg7 40. Ke3
Kg6 41. Nc3 Bf5 42. Kf4 Ng4 43. Bh3 e3 44. fxe3 f2 45. e4 Bd7 46. Nd1 b5 47.
cxb5 Bxb5 48. Kxg4 Be2+ 49. Kg3 Bxd1 50. Kxf2 Kxg5 51. Ke3 Kf6 52. Bf1 Ke5 53.
Bd3 Bh5 54. Bb5 Bg6 55. Bd3 Bh5 56. Bc2 Be8 57. a3 Bg6 58. Bxa4 Bxe4 59. Bd7
Bxd5 60. a4 Bb7 61. Bb5 1/2-1/2

[Event "Oberliga Ost A 2018 2019"]
[Site "?"]
[Date "2018.10.21"]
[Round "1.3"]
[White "Wegener, Dirk"]
[Black "Zimmermann, Rene"]
[Result "1-0"]
[WhiteElo "2397"]
[BlackElo "2203"]
[PlyCount "121"]
[EventDate "2018.10.21"]
[EventType "team-tourn"]
[EventCountry "GER"]
[WhiteTeam "Dresden USV TU II"]
[BlackTeam "Dresden SG Gruen Weiss"]
[WhiteTeamCountry "GER"]
[BlackTeamCountry "GER"]

1. e4 e6 2. d4 d5 3. Nc3 Bb4 4. e5 c5 5. a3 Bxc3+ 6. bxc3 Qa5 7. Bd2 Qa4 8. Qb1
c4 9. h4 Nc6 10. h5 h6 11. Ne2 Nge7 12. g3 Bd7 13. Bh3 O-O-O 14. Nf4 Kb8 15.
O-O Bc8 16. Ra2 Rdf8 17. Ng2 Rh7 18. Rb2 Ka8 19. Qe1 g6 20. Qe2 Qxa3 21. Rbb1
Nf5 22. Ra1 Qe7 23. Bc1 Rd8 24. hxg6 fxg6 25. Ba3 Qc7 26. Rfb1 Nfxd4 27. cxd4
Nxd4 28. Qd1 Qxe5 29. Bc5 Nc6 30. c3 Qxc3 31. Bb6 Rd6 32. Bc5 Rd8 33. Ra3 Qe5
34. Bb6 Rd6 35. Ne3 Kb8 36. Bc5 Rd8 37. Qa4 Kc7 38. Bxa7 Nxa7 39. Qxa7 Rd6 40.
Qa5+ b6 41. Qa8 Kd8 42. Bf1 Rc7 43. Ra7 Qg7 44. Qb8 Rxa7 45. Qxd6+ Ke8 46. Rxb6
Qc7 47. Qb4 Rb7 48. Rxb7 Qxb7 49. Qc3 Qb1 50. Qh8+ Kd7 51. Qxh6 Ba6 52. Qg7+
Kc6 53. Qe5 Bc8 54. Qd4 Qe1 55. Ng4 c3 56. Ne5+ Kd6 57. Nd3 Qd2 58. Qc5+ Kd7
59. Ne5+ Kd8 60. Qd6+ Ke8 61. Qc7 1-0

[Event "Oberliga Ost A 2018 2019"]
[Site "?"]
[Date "2018.10.21"]
[Round "1.4"]
[White "Gehmlich, Marcel"]
[Black "Wong, Gengchun"]
[Result "1/2-1/2"]
[WhiteElo "2191"]
[BlackElo "2194"]
[PlyCount "74"]
[EventDate "2018.10.21"]
[EventType "team-tourn"]
[EventCountry "GER"]
[WhiteTeam "Dresden SG Gruen Weiss"]
[BlackTeam "Dresden USV TU II"]
[WhiteTeamCountry "GER"]
[BlackTeamCountry "GER"]

1. c4 Nf6 2. Nf3 c5 3. e3 g6 4. b3 Bg7 5. Bb2 O-O 6. Be2 Nc6 7. O-O d5 8. cxd5
Qxd5 9. Nc3 Qf5 10. Bb5 Bd7 11. d4 cxd4 12. exd4 Rfd8 13. Re1 e6 14. Bd3 Qa5
15. Ne4 Nb4 16. Ne5 Nxd3 17. Qxd3 Nxe4 18. Qxe4 Bxe5 19. Qxe5 Qxe5 20. Rxe5
Rac8 21. Rc5 b6 22. Rxc8 Rxc8 23. Rc1 Rxc1+ 24. Bxc1 Kf8 25. f3 h5 26. Ba3+ Ke8
27. Kf2 Bb5 28. Ke3 Kd7 29. Bb4 Bf1 30. g3 f6 31. f4 Bh3 32. Bc3 Kd6 33. a4 Bf5
34. a5 Bc2 35. axb6 axb6 36. b4 Bb3 37. Be1 Kd5 1/2-1/2

[Event "Oberliga Ost A 2018 2019"]
[Site "?"]
[Date "2018.10.21"]
[Round "1.7"]
[White "Oehl, Tim"]
[Black "Rensch, Toralf"]
[Result "1-0"]
[WhiteElo "2138"]
[BlackElo "2107"]
[PlyCount "65"]
[EventDate "2018.10.21"]
[EventType "team-tourn"]
[EventCountry "GER"]
[WhiteTeam "Dresden USV TU II"]
[BlackTeam "Dresden SG Gruen Weiss"]
[WhiteTeamCountry "GER"]
[BlackTeamCountry "GER"]

1. c4 Nf6 2. Nf3 e6 3. b3 d5 4. Bb2 b6 5. g3 a5 6. Bg2 Be7 7. O-O O-O 8. Na3
Na6 9. Nb5 c6 10. Nbd4 Bb7 11. cxd5 c5 12. Nc6 Bxc6 13. dxc6 Rc8 14. Ne5 Nd5
15. d4 f6 16. Nd7 Rxc6 17. Nxf8 Bxf8 18. e4 Ndc7 19. e5 Nd5 20. exf6 gxf6 21.
Qe2 Nac7 22. Rac1 Qd7 23. Rfd1 Bh6 24. Rb1 cxd4 25. Bxd4 Rd6 26. Bb2 Qf7 27.
Be4 Rc6 28. Rd3 Bf8 29. Rbd1 Qg7 30. Qf3 Be7 31. Bxd5 exd5 32. Rxd5 Rc2 33.
R5d2 1-0

[Event "Oberliga Ost A 2018 2019"]
[Site "?"]
[Date "2018.10.21"]
[Round "1.8"]
[White "Radke, Rocco Mario"]
[Black "Richter, Philipp"]
[Result "1/2-1/2"]
[WhiteElo "2086"]
[BlackElo "2015"]
[PlyCount "46"]
[EventDate "2018.10.21"]
[EventType "team-tourn"]
[EventCountry "GER"]
[WhiteTeam "Dresden SG Gruen Weiss"]
[BlackTeam "Dresden USV TU II"]
[WhiteTeamCountry "GER"]
[BlackTeamCountry "GER"]

1. e4 e6 2. d4 d5 3. exd5 exd5 4. Nf3 Bd6 5. Bd3 Nc6 6. O-O Nge7 7. h3 Be6 8.
Ng5 Qd7 9. Nxe6 fxe6 10. c3 O-O-O 11. Nd2 e5 12. dxe5 Nxe5 13. Nf3 N7g6 14. Nd4
Nxd3 15. Qxd3 Nf4 16. Bxf4 Bxf4 17. Rfe1 Bd6 18. Re2 g6 19. b4 c6 20. a3 Rhe8
21. Rae1 Re7 22. Rxe7 Bxe7 23. Qe3 Bd6 1/2-1/2